Science in social science: (Record no. 57060)

MARC details
000 -LEADER
fixed length control field 00707nam a22002177a 4500
005 - DATE AND TIME OF LATEST TRANSACTION
control field 20110927145755.0
010 ## - LCCN (DPL NO)
LC control number G-001477
020 ## - INTERNATIONAL STANDARD BOOK NUMBER
Terms of availability 200.00
International Standard Book Number 8189863002
035 1d - SYSTEM CONTROL NUMBER
System control number G-001477
037 ## - SOURCE OF ACQUISITION
Source of stock number/acquisition Gift
082 ## - DEWEY DECIMAL CLASSIFICATION NUMBER
Classification number 300
100 ## - MAIN ENTRY--PERSONAL NAME
Personal name Mitreau, Aumotavo
245 ## - TITLE STATEMENT
Title Science in social science:
Statement of responsibility, etc by Aumitavo Mitreau
Remainder of title (parts - one and two) /
260 ## - PUBLICATION, DISTRIBUTION, ETC. (IMPRINT)
Place of publication, distribution, etc Kolkata
Name of publisher, distributor, etc Naya Udyog
Date of publication, distribution, etc 2008
270 ## - ADDRESS
Address 206, Bidhan Sarani,
City Kolkata
Postal code 700006
300 ## - PHYSICAL DESCRIPTION
Extent 236p.
Dimensions 22cm(Hb)
500 ## - GENERAL NOTE
General note Includes index
942 ## - ADDED ENTRY ELEMENTS (KOHA)
Source of classification or shelving scheme Dewey Decimal Classification
Item type English Books
Classification part 300
Call number suffix MIT
Holdings
Withdrawn status Lost status Not for loan Collection code Home library Current library Date acquired Source of acquisition Cost, normal purchase price Full call number Barcode Copy number Cost, replacement price Koha item type
      Non-fiction Janak Puri Janak Puri 27/09/2011 gift 200.00 300 MIT G-001477 1 200.00 English Books

© Delhi Public Library
Hit Counter
free hit counter